00603nam a22001457a 4500003000400000005001700004008004100021040000900062100001900071245007200090260007300162300001000235500015700245600005500402OSt20130926122227.0130531s1948 sp ||||| |||| 00| 0 spa d cCDMR1 aMasriera, Luis14aUna biografía de D. Manuel Rodríguez CodolácD. Luis Masriera aBarcelonabReal Academia Catalana de Bellas Artes de San Jorgec1948 a10 p. aTranscripció del parlament de Luis Masriera a la sessió pública del dia 5 de juny de 1948 a la Real Academia Catalana de Bellas Artes de San Jorge1 aRodríguez Codolá, Manueld1872-1946vBiografia